000
00327nam a22001457a 4500
008
210520b ||||| |||| 00| 0 eng d
020
_a
0520060867
041
_a
eng
080
_a
330.101.542
082
_a
330.101.542
100
_a
52
101
_a
MIK
245
_a
The Micro-Macro Link
_c
Alexander,J.C
942
_2
udc
_c
BK
999
_c
57543
_d
57543